Before your Very Eyes. (Record no. 2240)

MARC details
000 -LEADER
fixed length control field 00358nam a22001217a 4500
005 - DATE AND TIME OF LATEST TRANSACTION
control field 20200910144802.0
008 - FIXED-LENGTH DATA ELEMENTS--GENERAL INFORMATION
fixed length control field 200910b ||||| |||| 00| 0 eng d
020 ## - INTERNATIONAL STANDARD BOOK NUMBER
International Standard Book Number 0673811581
040 ## - CATALOGING SOURCE
Transcribing agency CML
245 ## - TITLE STATEMENT
Title Before your Very Eyes.
Statement of responsibility, etc. Foresman, S.
260 ## - PUBLICATION, DISTRIBUTION, ETC.
Place of publication, distribution, etc. USA
Name of publisher, distributor, etc. Scott, Foresman and Company
Date of publication, distribution, etc. 1988
942 ## - ADDED ENTRY ELEMENTS (KOHA)
Source of classification or shelving scheme Dewey Decimal Classification
Koha item type Books
Edition 1st Edition
Classification part 157
Call number suffix FOR
Holdings
Withdrawn status Lost status Source of classification or shelving scheme Damaged status Not for loan Collection code Home library Current library Shelving location Date acquired Total Checkouts Full call number Barcode Date last seen Copy number Price effective from Koha item type
    Dewey Decimal Classification     Philosophy & Psychology Chalimbana Main Library Chalimbana Main Library Philosophy & Psychology 09/10/2020   157.3 FOR 9780673811585 09/10/2020 1 09/10/2020 Books

Powered by Koha